000
00298nam a2200109Ia 4500
008
171211s9999 xx 000 0 und d
245
_a
IBM Data Engine for Hadoop and Spark
245
_c
IBM Redbooks
260
_c
2016
650
_x
SOFTWARE
856
_u
http://down.ebook777.com/063/0738441937.pdf
999
_c
349311
_d
349311